|
|
|
|
| LEADER |
00000nam a2200000 a 4500 |
| 001 |
vtls001317426 |
| 003 |
SK-MaSNL |
| 005 |
20260301065534.0 |
| 008 |
251113s1989 xr 0 cze |
| 020 |
|
|
|a 8020300317
|
| 035 |
|
|
|a SNK000269948
|
| 040 |
|
|
|a SNK
|b slo
|c SNK
|e AACR2
|
| 041 |
0 |
|
|a cze
|
| 044 |
|
|
|a CZ
|
| 080 |
|
|
|a 894.511-23=850
|2 1981
|
| 100 |
1 |
|
|a Spiró, György,
|d 1946-
|4 aut
|9 193389
|
| 245 |
1 |
|
|a Zahrada
|c György Spiró ; z maď. orig. přel. Viktorie Hradská
|
| 260 |
|
|
|a Praha
|b Dilia
|c 1989
|
| 300 |
|
|
|a 183, [1] s.
|c 8°
|
| 490 |
1 |
|
|a Malá řada socialistických autořů
|v sv. 182
|
| 830 |
|
0 |
|a Malá řada socialistických autorů
|9 355730
|
| 919 |
|
|
|a 80-203-0031-7
|
| 958 |
|
|
|a RK
|
| 958 |
|
|
|a OND
|
| 999 |
|
|
|c 631069
|d 632999
|
| 952 |
|
|
|t P60, <04>, [BOOK], {604}
|a SNK
|b SNK
|y VYP
|7 0
|o snkID 90204
|i snkKIP 3412/90
|0 0
|1 0
|4 0
|d 1998-01-22
|l 0
|r 2005-01-02 00:00:00
|w 2026-02-23
|